| 000 | 01299nam0a2200337 4500 | ||
|---|---|---|---|
| 001 | RU\NLR\bibl\1488383 | ||
| 005 | 20250616011844.0 | ||
| 010 | _a978-5-397-00465-7 | ||
| 021 |
_aRU _b2010-5231 _9328 |
||
| 035 | _a(nilc)RSL-KNO-004576126 | ||
| 035 | _a(NLR Aleph) 001479982 | ||
| 090 |
_a1697367 _c1697367 |
||
| 100 | _a20100205d2009 |||y0rusy50 ca | ||
| 101 | 0 | _arus | |
| 102 | _aRU | ||
| 105 | _ay zzzz||||| | ||
| 200 | 1 |
_aВ мире ориентиров _e[как определить свое местоположение на суше, на море и в космосе] _fА. Е. Меньчуков |
|
| 205 | _aИзд. 7-е | ||
| 210 |
_aМосква _cURSS _cЛиброком _d2009 |
||
| 215 |
_a268, [1] с. _cил., табл. _d22 |
||
| 225 | 1 | _aНауку - всем! Шедевры научно-популярной литературы | |
| 320 | _aБиблиогр.: с. 267 (21 назв.) | ||
| 606 | 1 |
_aОриентирование на местности _91134318 _3RU\NLR\auth\66131772 |
|
| 686 |
_aД12я9 _2rubbk |
||
| 686 | _aД12я9 | ||
| 700 | 1 |
_aМеньчуков _bА. Е. _gАлександр Евгеньевич _4070 |
|
| 801 | 0 |
_aRU _bRuMoRGB _c20100205 _gRCR |
|
| 801 | 1 |
_aRU _bRuMoRGB _c20100205 |
|
| 801 | 2 |
_aRU _bNLR _c20100322 _grcr |
|
| 942 | _cBOOK | ||
| 980 | _aNB | ||